00723nam a2200205Ia 450000500170000000800410001704000190005804100120007708200160008910000250010524501230013026000350025330000160028850400500030465000280035485000100038294200070039299900160039995201020041520221028150542.0131103s9999 xx 000 0 und d aLoreto College aEnglish a954.02bQAN aQanungo,Kalikaranjan aSher Shah and his timebAn old story retold by the author after decades from a fresh standpoint cKalikaranjan Qanungo aBombaybOrient Longmans c1965 axxi,459 p.  aIncludes index and bibliographical references aMedieval HistoryzIndia aLCLIB cBK c9484d59963 00102ddc4070aMAINbMAINd2013-11-04l0o954.02 QAN 12602pB9362r2013-11-04w2013-11-04yBKf